[Event "GER-chT U12"]
[White "Schambier, Leon Elias"]
[Black "Lipinsky, Pierre"]
[Site "Magdeburg"]
[Round "5.2"]
[Result "0-1"]
[Date "2021.08.07"]
[WhiteElo "1178"]
[BlackElo "1418"]
[PlyCount "110"]
[EventDate "2021.08.04"]
[EventType "team-swiss"]
[EventRounds "7"]
[EventCountry "GER"]
[SourceTitle "EXT 2022"]
[Source "ChessBase"]
[SourceDate "2021.10.06"]
[SourceVersion "1"]
[SourceVersionDate "2021.10.06"]
[SourceQuality "1"]
[WhiteTeam "Stassfurt Einheit"]
[BlackTeam "Muenchen Tarrasch"]
[WhiteTeamCountry "GER"]
[BlackTeamCountry "GER"]

1. d4 d5 2. Bf4 c5 3. c3 Nc6 4. Nf3 Nf6 5. e3 Bg4 6. Nbd2 e6 7. Qa4 Qb6 8. b3 cxd4 9. Nxd4 a6 10. Bg5 Be7 11. Bxf6 Bxf6 12. Nxc6 Qxc6 13. Qxg4 Qxc3 14. Qd1 Qxa1 15. Qxa1 Bxa1 16. Be2 Bc3 17. Kd1 Bxd2 18. Kxd2 0-0 19. Bd3 Rac8 20. e4 dxe4 21. Bxe4 Rfd8+ 22. Ke2 Rc7 23. Re1 Rd4 24. Ke3 Rd6 25. Kf4 Rd2 26. Kg3 Rc3+ 27. f3 Rxa2 28. Bxb7 g6 29. Rb1 Ra3 30. b4 Rcb3 31. Rxb3 Rxb3 32. Bxa6 Rxb4 33. Bd3 f5 34. Kf2 e5 35. g3 Rb2+ 36. Kg1 Kf7 37. Kf1 Rxh2 38. Kg1 Rd2 39. Bc4+ Kf6 40. Kf1 e4 41. f4 h6 42. Be2 g5 43. fxg5+ hxg5 44. Kf2 Rxe2+ 45. Kxe2 f4 46. g4 Ke5 47. Kf2 Kd4 48. Ke2 Kc3 49. Kf2 Kd2 50. Kf1 f3 51. Kf2 e3+ 52. Kxf3 e2 53. Ke4 e1Q+ 54. Kd5 Qe3 55. Kd6 Kd3 0-1